International economics (Record no. 157947)
[ view plain ]
| 000 -LEADER | |
|---|---|
| fixed length control field | 00601nam a2200241Ia 4500 |
| 003 - CONTROL NUMBER IDENTIFIER | |
| control field | OSt |
| 005 - DATE AND TIME OF LATEST TRANSACTION | |
| control field | 20230505161158.0 |
| 008 - FIXED-LENGTH DATA ELEMENTS--GENERAL INFORMATION | |
| fixed length control field | 210423s2008 xx 000 0 und d |
| 020 ## - INTERNATIONAL STANDARD BOOK NUMBER | |
| International Standard Book Number | 9780070263642 |
| 040 ## - CATALOGING SOURCE | |
| Transcribing agency | AL |
| 041 ## - LANGUAGE CODE | |
| Language code of text/sound track or separate title | eng |
| 082 ## - DEWEY DECIMAL CLASSIFICATION NUMBER | |
| Classification number | 337 CHEF |
| 100 ## - MAIN ENTRY--PERSONAL NAME | |
| Personal name | CHERUNILAM (Francis) |
| 9 (RLIN) | 82380 |
| 245 ## - TITLE STATEMENT | |
| Title | International economics |
| 250 ## - EDITION STATEMENT | |
| Edition statement | 5 |
| 260 ## - PUBLICATION, DISTRIBUTION, ETC. | |
| Place of publication, distribution, etc. | New Delhi |
| Name of publisher, distributor, etc. | Tata McGrawhill |
| Date of publication, distribution, etc. | 2008 |
| 300 ## - PHYSICAL DESCRIPTION | |
| Extent | xxxii,733 |
| Other physical details | PB |
| 365 ## - TRADE PRICE | |
| Price amount | 375 |
| Currency code | INR |
| 650 ## - SUBJECT ADDED ENTRY--TOPICAL TERM | |
| Topical term or geographic name entry element | Economics |
| 9 (RLIN) | 82381 |
| 650 ## - SUBJECT ADDED ENTRY--TOPICAL TERM | |
| Topical term or geographic name entry element | International Economics |
| 9 (RLIN) | 82382 |
| 906 ## - LOCAL DATA ELEMENT F, LDF (RLIN) | |
| a | economics ; International |
| 942 ## - ADDED ENTRY ELEMENTS (KOHA) | |
| Source of classification or shelving scheme | Dewey Decimal Classification |
| Koha item type | Book |
| Withdrawn status | Lost status | Damaged status | Not for loan | Collection code | Home library | Current library | Date acquired | Source of acquisition | Cost, normal purchase price | Total Checkouts | Total Renewals | Full call number | Barcode | Date last seen | Date last checked out | Price effective from | Koha item type |
|---|---|---|---|---|---|---|---|---|---|---|---|---|---|---|---|---|---|
| Economics | St Aloysius PG Library | St Aloysius PG Library | 06/09/2010 | Bharath Bookmark | 375.00 | 12 | 2 | 337 CHEF | PG004424 | 01/22/2026 | 01/20/2026 | 04/26/2021 | Book | ||||
| Economics | St Aloysius PG Library | St Aloysius PG Library | 09/06/2010 | Book World | 375.00 | 7 | 337 CHEF | PG005319 | 04/16/2025 | 04/04/2025 | 04/26/2021 | Book | |||||
| Economics | St Aloysius PG Library | St Aloysius PG Library | 02/01/2011 | Current books | 385.00 | 25 | 2 | 337 CHEF | PG005706 | 04/24/2025 | 04/16/2025 | 04/26/2021 | Book | ||||
| Economics | St Aloysius PG Library | St Aloysius PG Library | 04/28/2011 | Athulya Books | 385.00 | 16 | 337 CHEF | PG005893 | 04/22/2026 | 04/13/2026 | 04/26/2021 | Book | |||||
| Economics | St Aloysius PG Library | St Aloysius PG Library | 04/28/2011 | Athulya Books | 385.00 | 23 | 2 | 337 CHEF | PG005894 | 01/28/2026 | 01/20/2026 | 04/26/2021 | Book |